<?xml version="1.0" encoding="UTF-8"?>
<record
    xmlns:xsi="http://www.w3.org/2001/XMLSchema-instance"
    xsi:schemaLocation="http://www.loc.gov/MARC21/slim http://www.loc.gov/standards/marcxml/schema/MARC21slim.xsd"
    xmlns="http://www.loc.gov/MARC21/slim">

  <leader>01367nam a2200253 a 4500</leader>
  <controlfield tag="001">000041805</controlfield>
  <controlfield tag="005">20201002035751.0</controlfield>
  <controlfield tag="008">130725s1980    sp            000 0 spa d</controlfield>
  <datafield tag="020" ind1=" " ind2=" ">
    <subfield code="a">8400079434</subfield>
  </datafield>
  <datafield tag="040" ind1=" " ind2=" ">
    <subfield code="a">DO-SdBNP</subfield>
    <subfield code="b">spa</subfield>
    <subfield code="c">BNPHU</subfield>
  </datafield>
  <datafield tag="111" ind1="2" ind2=" ">
    <subfield code="a">Colloqui</subfield>
    <subfield code="d">(1999 : 3-5 nov.</subfield>
    <subfield code="c">Barcelona)</subfield>
    <subfield code="9">68674</subfield>
  </datafield>
  <datafield tag="245" ind1="1" ind2="3">
    <subfield code="a">El mas catal&#xE0; durant l'Edat Mitjana i la Moderna (segles IX-XVIII) :</subfield>
    <subfield code="b">aspectes arqueol&#xF2;gics, hist&#xF2;rics, geogr&#xE0;fics, arquitect&#xF2;nics i antropol&#xF2;gics : actes del Col.loqui celebrat a Barcelona, del 3 al 5 de novembre de 1999 /</subfield>
    <subfield code="c">editores Mar&#xED;a Teresa Ferrer i Mallol, Josefina Mutg&#xE9; i Vives, Manuel Riu i Riu.</subfield>
  </datafield>
  <datafield tag="260" ind1=" " ind2=" ">
    <subfield code="a">Barcelona :</subfield>
    <subfield code="b">Consejo Superior de Investigaciones Cient&#xED;ficas, Departamento de Estudios Medievales,</subfield>
    <subfield code="c">1980.</subfield>
  </datafield>
  <datafield tag="300" ind1=" " ind2=" ">
    <subfield code="a">XVI, 659 p. : ;</subfield>
    <subfield code="c">24 cm.</subfield>
  </datafield>
  <datafield tag="490" ind1="1" ind2=" ">
    <subfield code="a">Anejos del Anuario de estudios medievales ;</subfield>
    <subfield code="a">Annex</subfield>
    <subfield code="v">42</subfield>
  </datafield>
  <datafield tag="500" ind1=" " ind2=" ">
    <subfield code="a">Incluye referencias bibliogr&#xE1;ficas y notas al pie de las p&#xE1;ginas</subfield>
  </datafield>
  <datafield tag="504" ind1=" " ind2=" ">
    <subfield code="a">Incluye referencias bibliogr&#xE1;ficas</subfield>
  </datafield>
  <datafield tag="504" ind1=" " ind2=" ">
    <subfield code="a">Incluye bibliograf&#xED;a a final de cada c&#xE1;pitulo</subfield>
  </datafield>
  <datafield tag="700" ind1="1" ind2=" ">
    <subfield code="a">Ferrer i Mallol, Mar&#xED;a Teresa</subfield>
    <subfield code="d">1940-</subfield>
    <subfield code="e">ed.</subfield>
    <subfield code="9">68675</subfield>
  </datafield>
  <datafield tag="700" ind1="1" ind2=" ">
    <subfield code="a">Mutg&#xE9; i Vives, Josefina</subfield>
    <subfield code="e">ed.</subfield>
    <subfield code="9">68676</subfield>
  </datafield>
  <datafield tag="700" ind1="1" ind2=" ">
    <subfield code="a">Riu, Manuel</subfield>
    <subfield code="e">ed.</subfield>
    <subfield code="9">66068</subfield>
  </datafield>
  <datafield tag="710" ind1="2" ind2=" ">
    <subfield code="a">Consejo Superior de Investigaciones Cient&#xED;ficas (Espa&#xF1;a)</subfield>
    <subfield code="9">15178</subfield>
  </datafield>
  <datafield tag="830" ind1=" " ind2="0">
    <subfield code="a">Anejos del Anuario de estudios medievales ;</subfield>
    <subfield code="p">Annex</subfield>
    <subfield code="v">42</subfield>
    <subfield code="9">68499</subfield>
  </datafield>
  <datafield tag="952" ind1=" " ind2=" ">
    <subfield code="0">0</subfield>
    <subfield code="1">0</subfield>
    <subfield code="5">0</subfield>
    <subfield code="7">-1</subfield>
    <subfield code="8">MO</subfield>
    <subfield code="a">GR</subfield>
    <subfield code="b">GR</subfield>
    <subfield code="c">OI</subfield>
    <subfield code="d">2013-10-17</subfield>
    <subfield code="i">LF1</subfield>
    <subfield code="l">0</subfield>
    <subfield code="o"> </subfield>
    <subfield code="p">41805-10</subfield>
    <subfield code="r">2020-06-25</subfield>
    <subfield code="w">2020-06-25</subfield>
    <subfield code="y">1</subfield>
    <subfield code="Z">No se presta</subfield>
  </datafield>
  <datafield tag="999" ind1=" " ind2=" ">
    <subfield code="c">41294</subfield>
    <subfield code="d">41294</subfield>
  </datafield>
</record>
